• 首页
  • 本馆介绍
  • 公告通知
  • 最新文献
  • 馆藏检索
  • 电子资源
  • 读者导购
  • 参考咨询
  • 我的图书馆
  • 登录
  • 详细信息显示
  • 放入我的书架
  • 预约/预借图书
  • 作者相关作品
  • 分类相关作品
  • 丛书相关作品
  • 出版社相关作品

书目信息

  • 表格格式
  • 工作单格式
  • 卡片格式
题名:
让每一个孩子精彩起来
    
 
作者: 陶晓迪 著
分册:  
出版信息: 上海   上海交通大学出版社  2019
页数: 436页
开本: 24cm
丛书名:
单 册:
中图分类: G47-53
科图分类:
主题词: 学校管理--文集
电子资源:
ISBN: 978-7-313-20856-9
000 00802nam0 2200229 450
001 012001004075
005 20130127174945.0
010    @a978-7-313-20856-9@dCNY98.00
100    @a20190406d2019 em y0chiy50 ea
101 0  @achi
102    @aCN@b310000
105    @aa z 000yy
106    @ar
200 1  @a让每一个孩子精彩起来@9rang mei yi ge hai zi jing cai qi lai@e学校管理的智慧与校长领导力@f陶晓迪著
210    @a上海@c上海交通大学出版社@d2019
215    @a436页@c图@d24cm
330    @a本书收录了近百篇文章,涉及教育管理的诸多领域,包括儿童与道德教育、教育与社会、教育与生活、课程与教学、师生关系、教师的学习与成长、家庭教育等。
606 0  @a学校管理@j文集
690    @aG47-53@v5
701  0 @a陶晓迪@9tao xiao di@4著
801  0 @aCN@b江苏凤凰@c20191020
905    @b1219356-9@dG47-53@e169@f4
    
    让每一个孩子精彩起来:学校管理的智慧与校长领导力/陶晓迪著.-上海:上海交通大学出版社,2019
    436页:图;24cm
    
    
    ISBN 978-7-313-20856-9:CNY98.00
    本书收录了近百篇文章,涉及教育管理的诸多领域,包括儿童与道德教育、教育与社会、教育与生活、课程与教学、师生关系、教师的学习与成长、家庭教育等。
●
相关链接 在E读中查询图书 在五车中查询图书 在当当中查询图书 在豆瓣中查询图书


正题名:让每一个孩子精彩起来     索取号:G47-53/169         预约/预借

序号 登录号 条形码 馆藏地/架位号 状态 备注
1 1219356   212193561   第一样本阅览室/ [索取号:G47-53/169] 在馆    
2 1219357   212193570   教育系资料室/ [索取号:G47-53/169] 在馆    
3 1219358   212193589   教育系资料室/ [索取号:G47-53/169] 在馆    
4 1219359   212193598   第四借阅区/ [索取号:G47-53/169] 在馆    
唐山师范学院图书馆 欢迎您!
大连网信软件有限公司© 版权所有